000 00367nam a2200145Ia 4500
008 230917s9999||||xx |||||||||||||| ||und||
040 _e64918
_aMAIN
041 _aEnglish
082 _a519.5 W121M
100 _aWaerden, B L Van der
245 0 _aMathematical statistics
260 _aLondon
_bGeorge, Allen and Unwin
_c1969
300 _axi, 367 p.
942 _cBK
999 _c129123
_d129123